Statistics for Scottish football survivors.

Click here to take the quiz!

General Stats

  • This quiz has been taken 62 times
  • The average score is 3 of 6

Answer Stats

ClubAnswer% Correct
Dundee
80%
Hearts
73%
Motherwell
65%
Livingston
53%
Dunfermline
40%
Morton
33%

Score Distribution

Percentile by Number Answered

Percent of People with Each Score

Your Score History

You have not taken this quiz